• 首页
  • 本馆介绍
  • 公告通知
  • 最新文献
  • 馆藏检索
  • 电子资源
  • 读者导购
  • 参考咨询
  • 我的图书馆
  • 登录
  • 期刊详细显示
  • 现刊情况显示
  • 合订本情况显示
  • 篇目信息显示

期刊信息

  • 表格格式
  • 工作单格式
  • 卡片格式
索取号 
O4/RMPHAT
题名 
Reviews of Modern Physics
作者 
Martin Blume, Editor-in-Chief
分册号 
分册名 
出版地 
NEW YORK
出版者 
The American Physical Society
标准刊号 
0034-6861
出版频率 
季刊
中图法分类 
O4
主题词 
物理学
电子资源 
000 00800nas0 2200229 45
001 0753452968
005 20070523150501.37
011    @a0034-6861
100    @a20070523d km y0chiy0120 ea
101 0  @aeng
200 1  @aReviews of Modern Physics@fMartin Blume, Editor-in-Chief
205    @a英文版
207    @a2005(Vol.77,No.3)
210    @aNEW YORK@cThe American Physical Society
300    @aReviews of Modern Physics seeks to enhance communication among physicists by publishing comprehensive scholarly reviews of significant topics,as well as colloquia and tutorial articles in rapidly developing fields of physics.
326    @a季刊
606 0  @a物理学
690    @aO4@v4
701  0 @aMartin Blume
701  0 @aEditor-in-Chief
801  0 @aCN@bPFT@c20070523
905    @aTJWY@dO4@eRMPHAT
    
    Reviews of Modern Physics/Martin Blume, Editor-in-Chief.-英文版.-2005(Vol.77,No.3).-NEW YORK:The American Physical Society
    
    Reviews of Modern Physics seeks to enhance communication among physicists by publishing comprehensive scholarly reviews of significant topics,as well as colloquia and tutorial articles in rapidly developing fields of physics.
    
    ISSN 0034-6861
    
●
相关链接: 在易读查询期刊 在中国知网中查询期刊 在万方数据查询期刊 在维普查询期刊
唐山师范学院图书馆 欢迎您!
大连网信软件有限公司© 版权所有